000 01353nam a2200241Ia 4500
999 _c37512
_d37512
001 3476
003 GE_BSU
005 20250429104301.0
008 181216s1992|||| |||||||||||||| ||geo||
040 _cGE_BSU
041 _ageo
080 _a821.161 ხ-25
100 _aხარაზი,მამია
_92042
245 _aსული დევნილი /
_c მამია ხარაზი; ლექსები თარგმნა ტარიელ ზოზრაშვილმა; რედაქტორი გიორგი სანადირაძე; მხატვარი გელა ფილიშვილი.
264 _aთბილისი :
_bგაზეთ "სიმართლის" გამოცემა
_c1992.
300 _a190 გვ .;
_c21 სმ.
500 _aმოგვითხრობს ანა ახმატოვას ცხოვრებასა და შემოქმედებაზე.
653 _aახმატოვა, ანა, 1889-1966
700 _aსანადირაძე, გიორგი
_eრედაქტორი
_92043
700 _aფილიშვილი, გელა
_eმხატვარი
_92044
700 _aზოზრაშვილი, ტარიელ
_eმთარგმნელი
_924960
942 _cBK
_2udc